| 000 | 01201cam a2200361 4500 | ||
|---|---|---|---|
| 999 |
_c23425 _d23425 |
||
| 001 | vtls011931013 | ||
| 005 | 20221010112924.0 | ||
| 008 | 200507s2020 xo gr 000 fdslo | ||
| 020 |
_a9788056905975 _q(viazané) |
||
| 040 |
_aSKPK _bslo _cSKPK _dSNK _erda |
||
| 041 | 0 | _aslo | |
| 044 |
_axo _cSK |
||
| 072 | 7 |
_a821.162.4-3 _xSlovenská próza _2konspekt |
|
| 080 |
_a821.162,4-31 _22011 |
||
| 080 |
_a(0:82-312.4) _22011 |
||
| 100 | 1 |
_aŠimunek, Viliam, _d1962- _4aut _93636 |
|
| 245 | 1 | 0 |
_aSkladačka _cViliam Šimunek |
| 250 | _a1. vydanie | ||
| 264 | 1 |
_aBratislava _bMarenčin PT _c2020 |
|
| 300 |
_a334 strán _c21 cm |
||
| 336 |
_atext _btxt _2rdacontent |
||
| 337 |
_abez média _bn _2rdamedia |
||
| 338 |
_azväzok _bnc _2rdacarrier |
||
| 500 | _aObsahuje biografické údaje o autorovi na záložke prebalu publikácie | ||
| 655 | 7 |
_aslovenské romány _2SNKPH _91694 |
|
| 655 | 7 |
_adetektívne romány _2SNKPH _91710 |
|
| 655 | 7 |
_aSlovak fiction _2SNKPHeng _91695 |
|
| 655 | 7 |
_aDetective novels _2SNKPHeng _91711 |
|
| 655 | 7 |
_atrilery (romány) _2SNKPH _92135 |
|
| 655 | 7 |
_aThrillers (novels) _2SNKPHeng _91722 |
|
| 958 | _aLX | ||